000 00388cam a2200145ua 4500
041 _aeng
_h
082 _a610.113
_bHAR/DY
100 _aHargrove, James L .
245 _aDynamic modeling in the health science /
_cJames L Hargrove.
_hTextual Documents
260 _aNew York :
_bSpringer Verlag ,
_c1998.
300 _a298 ;
_eCD.
504 _a
942 _cBK
999 _c13282
_d13282